Getting In Tune - The Who full Lyrics - Statistics

General Stats
  • This quiz has been taken 4 times
  • The average score is 288 of 384
Answer Stats
Answer % Correct
a
100%
get
100%
getting
100%
(Getting
100%
Getting
100%
I
100%
in
100%
the
100%
tune,
100%
tune.
100%
tune
100%
when
100%
with
100%
you,
100%
you.
100%
you
100%
you)
100%
And
75%
and
75%
be
75%
can't
75%
come
75%
"Do
75%
gonna
75%
hear
75%
here
75%
I'm
75%
(I'm
75%
it
75%
just
75%
nothing
75%
of
75%
often?"
75%
on
75%
say,
75%
saying,
75%
this
75%
to
75%
your
75%
all
50%
any
50%
banging
50%
But
50%
'cause
50%
eyes,
50%
feeling,
50%
fits
50%
got
50%
head,
50%
head
50%
heart,
50%
I've
50%
look
50%
meaning
50%
more
50%
my
50%
narrow,
50%
narrow)
50%
narrow
50%
narrow.
50%
narrow) x2
50%
narrow) x5
50%
needs
50%
piano,
50%
playing,
50%
reeling,
50%
Right
50%
(Right
50%
right
50%
said,
50%
said.
50%
see
50%
singing
50%
straight
50%
that
50%
there's
50%
There's
50%
things
50%
way
50%
well
50%
Yeah,
50%
yeah.
50%
Baby,
25%
(Baby,
25%
chords
25%
having
25%
little
25%
note
25%
old
25%
pretend
25%
sets
25%
soften.
25%
symphony
25%
tired
25%
harmonies
0%
heartaches
0%
hidden
0%
No matching quizzes found
Score Distribution
Percent of People with Each Score
Percentile by Number Answered
Your Score History
You have not taken this quiz